00394 2200157 4500001002100000008004100021035002000062245003300082100001800115260002500133300002200158020002200180084001400202082000800216990001200224INLIS000000000002862 IND  a0010-0925000209 aKenang LangitcKirana Kejora aKirana Kejora aJakartabZettuc2014 a326c(14 x 21 cm) a978-602-1298-89-1 a813 KIR k a813 a0755084